000 00691nam a2200217Ia 4500
003 GCL
008 140319s9999 xx 000 0 ara d
040 _aGCL /
_cGCL
082 0 4 _a956.905
_bم ت
100 1 _aمحمد مورو قرقر
245 1 0 _aالتحدى الاستعمار الصهيونى وجهة نظر اسلامية /
_cمحمد مورو قرقر
260 _a[S.N] :
_bدار الفتى المسلم
300 _a159 ص
490 _a
650 0 4 _aتاريخ
650 0 4 _aالنزاع العربى الاسرائيلى
650 0 4 _aفلسطين
650 0 4 _aالقضية الفلسطينية
650 0 4 _aالاسلام والسياسة
942 _2ddc
_cBK
999 _c32371
_d32371